US 100K+ Cities Within 100 Miles Quiz Stats

Quiz Updated Apr 4, 2013

Challenge
Share
Tweet
Due to data field size requirements, all cities within 50 miles of Los Angeles were simply treated as if they were within Los Angeles itself.
Score 0/247 Timer 05:00
2 Plays Today
City % Correct
Philadelphia
98.2%
Paterson
98%
Yonkers
98%
New Haven
97.9%
Waterbury
97.9%
Elizabeth
97.9%
Jersey City
97.9%
New York
97.9%
Newark
97.9%
Allentown
97.8%
Bridgeport
97.7%
Stamford
97.7%
Carlsbad
96.7%
Corona
96.7%
Moreno Valley
96.7%
Murrieta
96.7%
Oceanside
96.7%
Riverside
96.7%
Temecula
96.7%
Fontana
96.7%
San Bernardino
96.7%
Modesto
96.1%
Antioch
95.9%
Berkeley
95.9%
Concord
95.9%
Daly City
95.9%
Fremont
95.9%
Hayward
95.9%
Oakland
95.9%
Richmond (CA)
95.9%
San Francisco
95.9%
Stockton
95.9%
Elk Grove
95.9%
Fairfield
95.9%
Sacramento
95.9%
San Jose
95.9%
Santa Clara
95.9%
Sunnyvale
95.9%
Vallejo
95.9%
Santa Rosa
95.9%
Roseville
95.7%
Elgin
94.5%
Rockford
94.5%
Milwaukee
94.5%
Waco
94.4%
Los Angeles
94.2%
Salinas
94%
Aurora (IL)
93.9%
Chicago
93.8%
Naperville
93.8%
Springfield (MA)
93.6%
Hartford
93.6%
Providence
93.5%
Worcester
93.5%
Bakersfield
93.5%
Victorville
93.4%
Boston
93.4%
Cambridge
93.4%
Lowell
93.4%
Ventura
93.3%
Manchester
92.9%
Baltimore
92.1%
Joliet
91.7%
South Bend
91.6%
Arlington
91.3%
Dallas
91.3%
Fort Worth
91.3%
Garland
91.3%
Grand Prairie
91.3%
Irving
91.3%
Mesquite
91.3%
Columbus (GA)
91.3%
Denton
91.2%
Toledo
91.1%
Carrollton
91%
Frisco
91%
McKinney
91%
Plano
91%
Atlanta
90.8%
Cleveland
90.8%
Detroit
90.8%
Warren
90.8%
Coral Springs
90.7%
City % Correct
Fort Lauderdale
90.7%
Hialeah
90.7%
Hollywood
90.7%
Miami Gardens
90.7%
Miramar
90.7%
Pembroke Pines
90.7%
Miami
90.6%
Cincinnati
90.2%
Alexandria
89.7%
Washington
89.7%
Bellevue
89.1%
Everett
89.1%
Seattle
89.1%
Tacoma
89.1%
Richmond (VA)
86.3%
Beaumont
86.1%
Houston
86.1%
Pasadena
86.1%
Athens
86%
Austin
85.4%
Chandler
85.1%
Gilbert
85.1%
Mesa
85.1%
Akron
85%
Salem
84.7%
Glendale
84.4%
Peoria (AZ)
84.4%
Phoenix
84.4%
Scottsdale
84.4%
Surprise
84.4%
Tempe
84.4%
San Antonio
84.3%
Gresham
84%
Portland
84%
Vancouver
84%
Flint
83.9%
Lansing
83.9%
Aurora (CO)
83.4%
Centennial
83.4%
Arvada
83.4%
Denver
83.4%
Lakewood
83.4%
Thornton
83.4%
Westminster
83.4%
Colorado Springs
83.4%
Ann Arbor
83.2%
Sterling Heights
83.2%
Fort Collins
83%
Orlando
82.7%
St. Petersburg
82.5%
Tampa
82.5%
Clearwater
82.4%
Springfield (IL)
81.9%
Erie
81.2%
Columbia (SC)
81%
Minneapolis
80.8%
Rochester (MN)
80.8%
St. Paul
80.8%
St. Louis
80.5%
Escondido
80.1%
San Diego
80%
Chula Vista
79.8%
Huntsville
79.7%
Montgomery
79.7%
Columbus (OH)
79.2%
Dayton
79.2%
Indianapolis
78.6%
Baton Rouge
78.4%
New Orleans
78.1%
Independence
77.8%
Kansas City (KS)
77.8%
Kansas City (MO)
77.8%
Olathe
77.8%
Topeka
77.8%
Overland Park
77.8%
Henderson
76.6%
Las Vegas
76.6%
North Las Vegas
76.6%
Greensboro
76.4%
High Point
76.4%
Winston-Salem
75.9%
Louisville
75.1%
Lexington
74.5%
City % Correct
Pittsburgh
73.6%
Jackson*
73.1%
Murfreesboro
72.6%
Nashville
71.9%
Clarksville
71.7%
Charlotte
71.6%
Killeen
70.6%
Port St. Lucie
69.7%
Norman
67.2%
Oklahoma City
67.2%
Madison
66.9%
Palm Bay
66.4%
Charleston
66.1%
Fayetteville
65.6%
Buffalo
65.4%
Rochester (NY)
65.4%
Cape Coral
65.2%
Gainesville
65%
Jacksonville
65%
Memphis*
64.7%
Cary
64.2%
Durham
64.2%
Raleigh
64.2%
Provo
62.3%
Salt Lake City
62.3%
West Jordan
62.3%
West Valley City
62.3%
Chesapeake
62.3%
Hampton
62.3%
Newport News
62.3%
Norfolk
62.3%
Virginia Beach
62.3%
Lincoln
60.1%
Omaha
60.1%
Birmingham
59.9%
Boise*
57.9%
El Paso*
56%
Augusta
56%
Albuquerque*
55.2%
Evansville
55%
Savannah
53.1%
Honolulu*
52.9%
Peoria (IL)
52.8%
Little Rock*
50.4%
Des Moines*
49.9%
Tucson
49.4%
Anchorage*
49.3%
Reno
46.5%
Grand Rapids
43.8%
Syracuse
43.5%
Visalia
43.1%
Tulsa*
42.1%
Springfield (MO)*
41.3%
Columbia (MO)*
39.8%
Chattanooga
39.1%
Fresno
38.9%
Fort Wayne
38%
Tallahassee*
37.9%
Eugene
36.9%
Pueblo
36.8%
Mobile*
36.3%
Wichita*
35.7%
Knoxville
35%
Lafayette
34.3%
Spokane*
32.6%
Fargo*
28.9%
Billings*
27.8%
Sioux Falls*
25.7%
Green Bay*
24.9%
Amarillo*
23.7%
Lubbock*
23.7%
Corpus Christi*
21.9%
Wilmington
20.6%
Shreveport*
19.6%
Brownsville
17.6%
McAllen
17.6%
Laredo*
16.3%
Abilene*
14.5%
Cedar Rapids*
13.9%
Wichita Falls
11.4%
Midland*
10.7%

You're not logged in!

Compare scores with friends on all Sporcle quizzes.
Sign Up with Email
OR
Log In

You Might Also Like...

Show Comments

Extras

Top Quizzes Today


Score Distribution

Your Account Isn't Verified!

In order to create a playlist on Sporcle, you need to verify the email address you used during registration. Go to your Sporcle Settings to finish the process.

Report this User

Report this user for behavior that violates our Community Guidelines.

Details: